Pays à 3 syllabes commençant par T, U, V, Z par ordre alphabétique - Statistiques

Statistiques générales
  • Ce quiz a été pris 42 fois
  • Le résultat moyen est 5 sur 6
Statistiques - réponses
Hint Réponse % Correct
U Uruguay
98%
Z Zimbabwé
95%
V Vatican
85%
T Tuvalu
78%
T Tunisie
73%
T Tanzanie
63%
Aucun quiz correspondant
Distribution des résultats
% des personnes avec chaque résultat
Percentile par nombre de réponses
Votre historique - résultats
Vous n’avez pas pris ce quiz